<?xml version="1.0" encoding="UTF-8"?>
<record
    xmlns:xsi="http://www.w3.org/2001/XMLSchema-instance"
    xsi:schemaLocation="http://www.loc.gov/MARC21/slim http://www.loc.gov/standards/marcxml/schema/MARC21slim.xsd"
    xmlns="http://www.loc.gov/MARC21/slim">

  <leader>00588nam  22001813  4500</leader>
  <controlfield tag="001">202442</controlfield>
  <datafield tag="090" ind1=" " ind2=" ">
    <subfield code="a">202442</subfield>
  </datafield>
  <datafield tag="100" ind1=" " ind2=" ">
    <subfield code="a">20250918d        u||y0pory50      ba</subfield>
  </datafield>
  <datafield tag="101" ind1=" " ind2=" ">
    <subfield code="a">por</subfield>
  </datafield>
  <datafield tag="102" ind1=" " ind2=" ">
    <subfield code="a">PT</subfield>
  </datafield>
  <datafield tag="200" ind1=" " ind2=" ">
    <subfield code="a">Manoel de Oliveira</subfield>
    <subfield code="f">Almeida Faria</subfield>
    <subfield code="e">filmare la parola</subfield>
  </datafield>
  <datafield tag="300" ind1=" " ind2=" ">
    <subfield code="a">Separata em Literatura Portuguesa em L&#xED;ngua Italiana</subfield>
  </datafield>
  <datafield tag="461" ind1=" " ind2=" ">
    <subfield code="t">Estratto di &#xAB;Estudos Italianos em Portugal&#xBB; n&#xBA; 51/52/53 -1988/89/90</subfield>
    <subfield code="h">[73] - 86 p.</subfield>
  </datafield>
  <datafield tag="606" ind1=" " ind2=" ">
    <subfield code="9">3661</subfield>
    <subfield code="a">Cr&#xED;tica Liter&#xE1;ria.Estudos Liter&#xE1;rios</subfield>
  </datafield>
  <datafield tag="700" ind1=" " ind2=" ">
    <subfield code="9">1040</subfield>
    <subfield code="a">Faria</subfield>
    <subfield code="b">Almeida</subfield>
    <subfield code="f">1943-</subfield>
  </datafield>
  <datafield tag="801" ind1=" " ind2=" ">
    <subfield code="a">PT</subfield>
    <subfield code="b">BMMN</subfield>
    <subfield code="g">RPC</subfield>
  </datafield>
  <datafield tag="990" ind1=" " ind2=" ">
    <subfield code="c">ARTIGOS</subfield>
  </datafield>
  <datafield tag="995" ind1=" " ind2=" ">
    <subfield code="0">0</subfield>
    <subfield code="2">0</subfield>
    <subfield code="5">2026-06-05</subfield>
    <subfield code="9">32216</subfield>
    <subfield code="b">BMMN</subfield>
    <subfield code="c">BMMN</subfield>
    <subfield code="f">31931</subfield>
    <subfield code="k">82.09 FAR|SAF</subfield>
    <subfield code="o">0</subfield>
    <subfield code="r">ARTIGOS</subfield>
    <subfield code="u">Acesso Condicionado</subfield>
    <subfield code="1"></subfield>
    <subfield code="s">Oferta</subfield>
  </datafield>
</record>
